| 000 | 01378nam a2200217Ia 4500 | ||
|---|---|---|---|
| 000 | 01892naaa 00337uu | ||
| 001 | https://directory.doabooks.org/handle/20.500.12854/37210 | ||
| 005 | 20260218105817.0 | ||
| 008 | 211013s9999 xx 000 0 und d | ||
| 042 | _adc | ||
| 245 | 0 | _aMaking Sense of Bad English | |
| 260 |
_bTaylor & Francis _c2019 |
||
| 300 | _a1 electronic resource (190 p.) | ||
| 520 | _aWhy is it that some ways of using English are considered good and others are considered bad? Why are certain forms of language termed elegant, eloquent or refined, whereas others are deemed uneducated, coarse, or inappropriate? Making Sense of Bad English is an accessible introduction to attitudes and ideologies towards the use of English in different settings around the world. Outlining how perceptions about what constitutes good and bad English have been shaped, this book shows how these principles are based on social factors rather than linguistic issues and highlights some of the real-life consequences of these perceptions. | ||
| 540 | _aCreative Commons | ||
| 653 | _aAfrican-American English | ||
| 700 | 1 | _aPeterson, Elizabeth | |
| 856 |
_uhttps://docs.google.com/spreadsheets/d/1yKIrdCPDAG_9c22mwoOIO2DOhtj65Wqa/edit?usp=sharing&ouid=106555315294820607512&rtpof=true&sd=true _yList of Curated E-Books |
||
| 942 | _cE-BOOK | ||
| 999 |
_c90283 _d90280 |
||